=LDR 00000nam 2200000 4500 =001 INLIS000000000005670 =005 20251021085539 =035 ##$$a 0010-1025000725 =007 ta =008 251021###########################0#ind## =082 ##$$a 363.8 =084 ##$$a 363.8 ELS p =100 #$$a Elsye Saimima =245 1#$$a Pendekatan Kemitraan Sebagai Methode Efektif Dalam Perwujudan Keluarga Sejahtera Melalui Sarana Tabungan Keluarga Sejahtera Dan Kredit Usaha Keluarga Sejahtera : $b - /$c Elsye Saimima ; Badan Koordinasi Keluarga Berencana Nasional =260 ##$$a Maluku :$b Badan Koordinasi Keluarga Berencana Nasional =300 ##$$a 4 hal : $b - ; $c 21 cm =650 #4$$a Keluarga Berencana =710 #$$a Badan Koordinasi Keluarga Berencana Nasional =856 ##$$a Perpustakaan Kemendukbangga